| 000 | 00622cam a22002291 4500 | ||
|---|---|---|---|
| 001 | sa 65000881 | ||
| 003 | DLC | ||
| 005 | 20260227112106.0 | ||
| 008 | 861030s1964 ii 000 0 eng | ||
| 010 | _asa 65000881 | ||
| 025 | _aPL480:I-E-3602 | ||
| 035 | _a(OCoLC)14575011 | ||
| 040 |
_aDLC _cWaU _dDLC |
||
| 042 | _apremarc | ||
| 050 | 0 | 0 |
_aHX392 _b.B3 |
| 100 | 1 | _aBanerjee, Nitya Narayan. | |
| 245 | 1 | 0 | _aSpiritual socialism (Hindu samajband) |
| 260 |
_aCalcutta, _bIndian Institute of Education _c[1964] |
||
| 300 |
_aviii, 158 p. _c20 cm. |
||
| 650 | 0 |
_aSocialism _zIndia. |
|
| 650 | 0 | _aSocialism and Hinduism. | |
| 999 |
_c61793 _d61793 |
||